|
|
|
|
| LEADER |
00000nam a2200000 a 4500 |
| 001 |
vtls001442685 |
| 003 |
SK-MaSNL |
| 005 |
20260302061543.0 |
| 008 |
240314s1968 xx 0 und |
| 035 |
|
|
|a SNK000397900
|
| 040 |
|
|
|a SNK
|b slo
|c SNK
|e AACR2
|
| 080 |
|
|
|a 808.2-5(075.3)
|2 1981
|
| 100 |
1 |
|
|a Bauer, Jaroslav
|4 aut
|9 278703
|
| 245 |
1 |
0 |
|a Školní mluvnice ruského jazyka
|b pomocná kniha pro žáky 2. cyklu
|c Jaroslav Bauer a kol.
|
| 250 |
|
|
|a 1. vyd.
|
| 260 |
|
|
|a Praha
|b Státní pedagogické nakladatelství
|c 1968
|
| 300 |
|
|
|a 313, [1] s.
|b Tab.
|c 20 cm
|
| 650 |
0 |
7 |
|a ruština
|2 SVKBBPH
|9 1346
|
| 650 |
0 |
7 |
|a gramatika
|2 SNKPH
|9 865
|
| 655 |
|
7 |
|a príručky
|2 SNKPH
|9 74364
|
| 852 |
|
|
|a Štátna vedecká knižnica v Banskej Bystrici
|
| 958 |
|
|
|a OND
|
| 999 |
|
|
|c 1125849
|d 1127779
|
| 952 |
|
|
|t P60, <04>, [BOOK], {604}
|a SNK
|b SNK
|y VYP
|7 0
|p 17A0351981
|o snkIC 57713 D1
|0 0
|1 1
|4 0
|d 2002-10-19
|l 0
|r 2005-01-02 00:00:00
|w 2026-02-24
|